00845nam a2200217 a 450000100100000000500170001000800410002704000250006808200200009310000390011324500540015226000360020630000200024265000290026265000310029191000370032204900090035995201180036895201240048699900170061000002800420240412074253.0110406s1995 dr 000 j spa d aDO-SdBNPbspacBNPHU aRD863.44bA353o1 aAlcántara Lebrón, Nixon92432010aObjeto maravilloso /cNixon Alcántara Lebrón. aSanto Domingo :bBúho,c1995. a51 p. ;c22 cm. 0aCuentos dominicanos9176 0aLiteratura dominicana.967 aValidado. Control de calidad MFF aBNPD 0010718PDaPDbPDcHDd2011-04-06iLF1l0oRD863.44 A353op28004-10r2020-06-25w2020-06-25yLFPDZNo se presta 0010718PDaPDbPDcHDd2012-04-12iLF1l0oRD863.44 A353op28004-20r2020-06-25te. 2w2020-06-25yLFPDZNo se presta c27496d27496